Pd(II)-katalyzované alkoxykarbonylácie aminoenitolov + CD-ROM

Gespeichert in:
Bibliographische Detailangaben
1. Verfasser: Rehák, Juraj
Format: Buch
Sprache:Slowakisch
Veröffentlicht: Bratislava STU v Bratislave FCHPT 2005
Online-Zugang:Im OPAC anzeigen
Tags: Tag hinzufügen
Keine Tags, Fügen Sie das erste Tag hinzu!

MARC

LEADER 00000nam a2200000 a 4500
005 20260127134259.0
008 050615 2005 xo 000 0 slo d
035 |a vtls008160494 
039 9 |y 200506151316  |z mschk03 
040 |a STUSCHK1  |b slo  |c STUSCHK1  |e AACR2 
100 1 |a Rehák, Juraj  |9 642 
245 1 |a Pd(II)-katalyzované alkoxykarbonylácie aminoenitolov  |b + CD-ROM 
260 |a Bratislava  |b STU v Bratislave FCHPT  |c 2005 
300 |a 61 s. 
500 |a Obháj.: 6.6. 2005 
500 |a Špec.: Organická chémia 
910 |a SCHK95 
999 |c 8650  |d 8650